Informe anual : agosto 2001-agosto 2002 /
Informe presentado por el Rector de la Universidad de Guanajuato sobre el quehacer de la casa de estudios durante el período comprendido entre agosto de 2001 y agosto de 2002, con información sobre la institución; el Programa Estratégico de Acciones Prioritarias 2000-2003; el Plan de Desarrollo Inst...
Furkejuvvon:
| Searvvušdahkki: | |
|---|---|
| Eará dahkkit: | |
| Materiálatiipa: | Elektrovnnalaš |
| Giella: | espánnjágiella |
| Fáttát: | |
| Fáddágilkorat: |
Eai fáddágilkorat, Lasit vuosttaš fáddágilkora!
|
MARC
| LEADER | 00000nmm^a2200000^a^4500 | ||
|---|---|---|---|
| 001 | 000148777 | ||
| 005 | 20250521000000.0 | ||
| 009 | 20260310100035.185 | ||
| 037 | |a Acervo ITESO - Biblioteca | ||
| 041 | |a ESP | ||
| 082 | |a 378. 72412 |b UNI UG-ir 2000 | ||
| 110 | |a Universidad de Guanajuato. |b Rector. 2000-2002 (Ojeda Rodríguez) | ||
| 240 | 1 | 1 | |a [Informe de Rector] |
| 245 | 1 | 0 | |a Informe anual : |b agosto 2001-agosto 2002 / |c C. Ojeda Rodríguez. |
| 264 | |a Guanajuato, México : |b Universidad de Guanajuato, |c 2002 | ||
| 300 | |a 1 disco compacto de computadora | ||
| 336 | |a datos para computadora |b cod |2 rdacontenido | ||
| 337 | |a computadora |b c |2 rdamedio | ||
| 338 | |a disco de computadora |b cd |2 rdasoporte | ||
| 520 | |a Informe presentado por el Rector de la Universidad de Guanajuato sobre el quehacer de la casa de estudios durante el período comprendido entre agosto de 2001 y agosto de 2002, con información sobre la institución; el Programa Estratégico de Acciones Prioritarias 2000-2003; el Plan de Desarrollo Institucional 2002-2010; la bitácora de actividades del rector; las actividades realizadas por las unidades académicas. Incluye una galería fotográfica. | ||
| 610 | |a Universidad de Guanajuato | ||
| 649 | |a XX | ||
| 650 | |a Informes Escolares | ||
| 650 | |a Autoridades Escolares | ||
| 650 | |a Administración Educativa | ||
| 650 | |a Universidades Públicas - |z Guanajuato (Ciudad) | ||
| 650 | |a Universidades Públicas - |z Guanajuato | ||
| 650 | |a Universidades Públicas - |z México | ||
| 650 | |a Instituciones Educativas - |z Guanajuato (Ciudad) | ||
| 650 | |a Instituciones Educativas - |z Guanajuato | ||
| 650 | |a Instituciones Educativas - |z México | ||
| 650 | |a Educación Pública - |z Guanajuato (Ciudad) | ||
| 650 | |a Educación Pública - |z Guanajuato | ||
| 650 | |a Educación Pública - |z México | ||
| 650 | |a Educación Superior - |z Guanajuato (Ciudad) | ||
| 650 | |a Educación Superior - |z Guanajuato | ||
| 650 | |a Educación Superior - |z México | ||
| 700 | |a Ojeda Rodríguez, Cuauhtémoc |e (autor) | ||
| 910 | |a Fondo General | ||
| 920 | |a Electrónicos - Recursos en Disco | ||
| 905 | |a 207 | ||
| 901 | |a 0500078339 |b IT2 |c SWS |u 20250521 | ||
| 902 | |a https://opac.biblio.iteso.mx/vufind/Record/000148777 | ||